00660cas a22002177a 4500003000400000005001700004008004100021010001000062011001000072035001000082040000900092245008600101260007800187300000700265310001200272362001500284500005000299650005400349866002300403866001600426OSt20260310142416.0990630d1964 mx mr pernn 0 uub1spa d a78504 a79476 a89729 aCHAP00aBoletín informativo IICAc/por Instituto Interamericano de Ciencias Agrícolas0 aMéxico, D.F. :bInstituto Interamericano de Ciencias Agrícolasc1964- av. aMensual1 an.22, 1966 aSe dejó de recibir a partir del n.22, 1966.14aCrédito agrícolaxPublicaciones periódicas. an.1-18 (1964-1965) an.22 (1966)